Estadísticas para Países aleatorios de Europa en un mapa

Haz click aquí para intentar la prueba.

Estadísticas generales

  • Esta prueba ha sido intentada 17.852 veces
  • La puntuación promedio es 13 de 15

Respuestas en el mapa

Las respuestas están codificadas por una escala verde-roja en el mapa de la prueba según el % correcto abajo.
 

Estadísticas de respuestas

país% Correcto
España
100%
Francia
99%
Italia
99%
Portugal
98%
Reino Unido
98%
Alemania
97%
Irlanda
97%
Rusia
96%
Noruega
95%
Suecia
95%
Grecia
94%
Andorra
93%
Islandia
93%
Dinamarca
92%
Finlandia
92%
Países Bajos
92%
Polonia
92%
Bélgica
91%
Ucrania
91%
Suiza
90%
Bielorrusia
88%
Estonia
87%
Letonia
87%
Lituania
87%
Ciudad del Vaticano
86%
Croacia
86%
Mónaco
85%
Luxemburgo
83%
Malta
83%
Austria
82%
Rumania
82%
San Marino
82%
República Checa
79%
Bosnia y Herzegovina
77%
Hungría
75%
Albania
74%
Bulgaria
73%
Serbia
73%
Eslovenia
72%
Macedonia del Norte
72%
Eslovaquia
71%
Moldavia
71%
Montenegro
71%
Kosovo
70%
Liechtenstein
68%

Distribución de puntuación

Porcentaje por número respondido

Porcentaje de gente con cada puntuación

Historial de tus puntuaciones

No has intentado esta prueba.